Космическое приборостроение: сборник научных трудов II Всероссийского форума школьников, студентов, аспирантов и молодых ученых с международным участием, г. Томск, 10-12 апреля 2014 г.
| organizacja autorów: | , |
|---|---|
| Streszczenie: | Заглавие с экрана Сборник посвящён теоретическим и практическим аспектам космического приборостроения. Представлен широкий круг исследований аспирантов, студентов, молодых учёных и школьников |
| Język: | rosyjski angielski niemiecki |
| Wydane: |
Томск, Изд-во ТПУ, 2014
|
| Hasła przedmiotowe: | |
| Dostęp online: | http://www.lib.tpu.ru/fulltext/c/2014/C22/C22.pdf |
| Format: | MixedMaterials Elektroniczne Książka |
| KOHA link: | https://koha.lib.tpu.ru/cgi-bin/koha/opac-detail.pl?biblionumber=605531 |
MARC
| LEADER | 00000nam0a2200000 4500 | ||
|---|---|---|---|
| 001 | 605531 | ||
| 005 | 20231102022939.0 | ||
| 035 | |a (RuTPU)RU\TPU\conf\2833 | ||
| 090 | |a 605531 | ||
| 100 | |a 20140417d2014 k y0rusy50 ca | ||
| 101 | 0 | |a rus |a eng |a ger | |
| 102 | |a RU | ||
| 105 | |a y z 101zy | ||
| 135 | |a drcn ---uucaa | ||
| 181 | 0 | |a i | |
| 182 | 0 | |a b | |
| 200 | 1 | |a Космическое приборостроение |e сборник научных трудов II Всероссийского форума школьников, студентов, аспирантов и молодых ученых с международным участием, г. Томск, 10-12 апреля 2014 г. |f Национальный исследовательский Томский политехнический университет (ТПУ) | |
| 203 | |a Текст |c электронный | ||
| 210 | |a Томск |c Изд-во ТПУ |d 2014 | ||
| 230 | |a 1 компьютерный файл (pdf; 23,0 MB) | ||
| 300 | |a Заглавие с экрана | ||
| 330 | |a Сборник посвящён теоретическим и практическим аспектам космического приборостроения. Представлен широкий круг исследований аспирантов, студентов, молодых учёных и школьников | ||
| 337 | |a Adobe Reader | ||
| 606 | 1 | |a Космическое приборостроение |2 stltpush |3 (RuTPU)RU\TPU\subj\15875 |9 42079 | |
| 610 | 1 | |a электронный ресурс | |
| 610 | 1 | |a труды учёных ТПУ | |
| 610 | 1 | |a материалы конференций | |
| 610 | 1 | |a космическое приборостроение | |
| 610 | 1 | |a системы управления | |
| 610 | 1 | |a космические аппараты | |
| 610 | 1 | |a гироскопические приборы | |
| 610 | 1 | |a магнитное поле | |
| 610 | 1 | |a летательные аппараты | |
| 610 | 1 | |a космическая техника | |
| 610 | 1 | |a электромеханические устройства | |
| 610 | 1 | |a электронные системы | |
| 610 | 1 | |a спутниковые системы | |
| 610 | 1 | |a моделирование | |
| 610 | 1 | |a испытания | |
| 610 | 1 | |a программное обеспечение | |
| 610 | 1 | |a электромагнитная эмиссия | |
| 610 | 1 | |a информационные технологии | |
| 610 | 1 | |a проектирование | |
| 610 | 1 | |a космос | |
| 610 | 1 | |a молодежь | |
| 610 | 1 | |a Солнечная система | |
| 610 | 1 | |a космическая экология | |
| 610 | 1 | |a космический мусор | |
| 675 | |a 629.785(063) |v 3 | ||
| 712 | 1 | 2 | |a Космическое приборостроение |b форум |d 2 |e Томск |f 2014 |
| 712 | 0 | 2 | |a Национальный исследовательский Томский политехнический университет (ТПУ) |c (2009- ) |2 stltpush |3 (RuTPU)RU\TPU\col\15902 |
| 801 | 2 | |a RU |b 63413507 |c 20140417 |g RCR | |
| 856 | 4 | |u http://www.lib.tpu.ru/fulltext/c/2014/C22/C22.pdf | |
| 942 | |c BK | ||